The Simpsons Character Photo Quiz - Statistics

General Stats
  • This quiz has been taken 61 times
    53 since last reset
  • The average score is 103 of 500
Answer Stats
Picture Answer % Correct
Homer Simpson
97%
Lisa Simpson
93%
Marge Simpson
93%
Fly Bart
90%
Maggie Simpson, Jr.
90%
Maggie Simpson Sr
90%
Bart Simpson
87%
Ned Flanders I
87%
Ned Flanders Jr
87%
Abe Simpson II
80%
Todd Flanders
80%
Maude Flanders
77%
Rod Flanders
77%
Mona Simpson
73%
Abraham Simpson I
67%
Edna Krabappel
67%
Hugo Simpson II
67%
Patty and Selma Bouvier
67%
GroundsKeeper Willie
63%
Otto Mann
63%
Sergeant Seymour Skinner
60%
Seymour Skinner
60%
Zia Simpson
60%
Agnes Skinner
57%
Amber Simpson
57%
Jiff Simpson
57%
"Old Tut" Simpson
57%
Orville Simpson
57%
Skippy Simpson
57%
Chief Clancy Wiggum
53%
Farmer Willie
53%
Jimbo Jones
53%
Karl
53%
Kirk Van Houten
53%
Milhouse Van Houten
53%
Shelbyville Apu
53%
Sheldon Skinner
53%
SideShow Bob
53%
Tyrone Simpson
53%
Agnes Flanders
50%
C Montgomery Burns
50%
Comic Book Guy
50%
Duff Man
50%
Ginger Flanders
50%
Helen Lovejoy
50%
Itchy & Scratchy
50%
Jacqueline Bouvier
50%
Krusty The Clown
50%
Ling Bouvier
50%
Luann Van Houten
50%
Nedward Flanders, Sr.
50%
Nelson Muntz
50%
Ralph Wiggum
50%
Reverend Timothy Lovejoy Jr.
50%
SideShow Mel
50%
Waylon Smithers Jr
50%
Waylon Smithers Sr
50%
Winifred Flanders
50%
Bumblebee Man
47%
Carl Carlson Jr
47%
Carl Carlson, Sr.
47%
Disco Stu
47%
Elizabeth Hoover
47%
Jessica Lovejoy
47%
Martin Prince Jr
47%
Annika Van Houten
43%
Barney Gumble
43%
Clancy Bouvier
43%
Gary Chalmers
43%
Gladys Bouvier
43%
God
43%
Grandma Van Houten
43%
Grandpa Van Houten
43%
Herbert Powell
43%
Howard K. Duff VIII
43%
Lady Duff
43%
Mayor Quimby
43%
Milhouse
43%
Radioactive Man
43%
Sarah Wiggum
43%
Shauna Chalmers
43%
Father Sean
40%
Fat Tony
40%
Gareth Prince
40%
Hans Moleman
40%
Iggy Wiggum
40%
Kent Brockman
40%
Larry Burns
40%
Martha Prince
40%
Martha Quimby
40%
Mrs. Burns
40%
Ozzie Smith
40%
Poochie
40%
Professor Jonathan Frink, Jr.
40%
Professor Jonathan Frink Sr
40%
Snowball I
40%
Snowball II
40%
Snowball III
40%
The Devil
40%
Barack Obama
37%
Donald Trump
37%
Dr.Julius Hibbert
37%
Freddy Quimby
37%
Jesus
37%
Lenny Leonard
37%
Matt Groening
37%
Mrs. Muntz
37%
Old Jewish Man
37%
Santa's Little Helper
37%
Abraham Lincoln
33%
Apu Nahasapeemapetilon
33%
Bernice Hibbert
33%
Bleeding Gums Murphy
33%
Eddie Muntz
33%
Little Moe Szyslak
33%
Lou
33%
Lou
33%
Magnesium Man
33%
Magnus Carlsen
33%
Moby Man
33%
Moe Szyslak
33%
Mrs. Carlson
33%
Mrs. Gumble
33%
Troy McClure
33%
Bill Clinton
30%
Blue-Haired Lawyer
30%
Dewey Largo
30%
Dr Marvin Monroe
30%
Dr.Nick Riviera
30%
Eddie
30%
Frank Grimes Jr
30%
Frank Grimes Sr
30%
George H.W Bush
30%
George Washington
30%
Janey Powell
30%
Johnny Tightlips
30%
Kang and Kodos
30%
Lady Gaga
30%
Lionel Hutz
30%
Richard Nixon
30%
Ringo Starr
30%
Sanjay Nahasapeemapetilon
30%
Shelbyville Martin
30%
Snake Jailbird
30%
Stephen Hawking
30%
Angry Dad
27%
Brittany Brockman
27%
Fallout Boy
27%
Fit Tony
27%
Green Day
27%
Greta Wolfcastle
27%
Hank Scorpio
27%
Jay Nahasapeemapetilon
27%
Manjula Nahasapeemapetilon
27%
Mr. Teeny
27%
Paul and Linda McCartney
27%
Rainier Wolfcastle
27%
Sophie Krustofsky
27%
Stampy
27%
Stan Lee
27%
the Rolling Stones
27%
Arnie Pye
23%
Bender
23%
Betty White
23%
Britney Spears
23%
Cletus Spuckler
23%
Cookie Kwan
23%
Gerald Ford
23%
Gloria Jailbird
23%
Godfrey Jones
23%
Jacques
23%
Jeremy Jailbird
23%
Judge Roy Snyder
23%
Kid Rock
23%
Mary Szyslak
23%
Miss Springfield
23%
Morty Szyslak
23%
Moses
23%
Rabbi Hyman Krustofsky
23%
The White Stripes
23%
Aerosmith
20%
Albert
20%
Angel Of Death
20%
Brandine Spuckler
20%
Capital City Goofball
20%
Captain Horatio McCallister
20%
Cecil Terwilliger
20%
Fred Rogers
20%
Gino Terwilliger
20%
Grim Reaper
20%
Jimmy Carter
20%
Kumiko Albertson
20%
Laura Powers
20%
Legs
20%
Leonard Nimoy
20%
Mark Hamill
20%
Mary Spuckler
20%
McBane
20%
Mr Black
20%
Red Hot Chili Peppers
20%
Ruth Powers
20%
The Nahasapeemapetilon Octuplets
20%
Theodore Roosevelt
20%
The Smashing Pumpkins
20%
The Space Coyote Johnny
20%
The Yes Guy
20%
Weird Al Yankovic
20%
50 Cent
17%
Akira
17%
Al Gore
17%
Artie Ziff
17%
Bobo
17%
Captain Jack
17%
Daft Punk
17%
Daryl Strawberry
17%
Drederick Tatum
17%
Frankie the Squealer
17%
Gabbo
17%
George Harrison
17%
Gina Vendetti
17%
Herman Hermann
17%
Jasper Beardley
17%
Jub Jub
17%
Ken Griffey Jr
17%
Larry
17%
Louie
17%
L.T. Smash
17%
Monk Murphy
17%
Paris Texan
17%
Richard Texan
17%
Roger Meyers Jr.
17%
Ronald Reagan
17%
Ron Howard
17%
Roy
17%
The Who
17%
U2
17%
A63
13%
Adam West
13%
Arnold Schwarzenegger
13%
Beatrice Simmons
13%
Birch Barlow
13%
Blinky the 3 Eyed Fish
13%
Booberella
13%
Charlie
13%
Cypress Hill
13%
Gil Gunderson
13%
Guy Incognito
13%
Hans Sprungfeld
13%
Harlan Dondelinger
13%
Joe
13%
Kearney Zzyzwicz, Jr.
13%
Kearney Zzyzwicz Sr
13%
Lurleen Lumpkin
13%
Metallica
13%
Mr. Sparkle
13%
Plopper
13%
REM
13%
Richard
13%
Royce Lumpkin
13%
Russ Cargill
13%
Shary Bobbins
13%
Shelby
13%
The Cable Guy
13%
The Happy Little Elves
13%
Belle
10%
Bill and Marty
10%
Coldplay
10%
Colin
10%
Constance Harm
10%
Danger Dog
10%
Dolph Starbeam
10%
Don Mattingly
10%
Eleanor Abernathy
10%
Funzo
10%
Gary Coleman
10%
Gerald Samson
10%
Jose Canseco
10%
Justin Trudeau
10%
Leon Kompowsky
10%
Leopold
10%
Lindsey Naegle
10%
Lyle Lanley
10%
Michael D'Amico
10%
Mike Scioscia
10%
Molloy
10%
Mr.McGreg
10%
Mr. Snrub
10%
Ms. No Means No
10%
Number 51
10%
Number One
10%
Princess Kashmir
10%
Roger Clemens
10%
Sam
10%
Screamapillar
10%
Steve Sax
10%
the Ramones
10%
Toot-Toot
10%
Truckasaurus
10%
Wendell Borton
10%
Woodrow
10%
Alice Glick
7%
Allison Taylor
7%
Amber Dempsey
7%
Barry Mackleberry
7%
Battling Seizure Robots
7%
Becky
7%
Big Daddy
7%
Bongo
7%
Brenda
7%
Captain Lance Murdock
7%
Chester J. Lampwick
7%
Coach Krupt
7%
Comic Book Gay
7%
Darcy
7%
Dexter Colt
7%
Dexter Scoey
7%
Donny
7%
Doris Freedman
7%
Dr. J. Loren Pryor
7%
Erin
7%
Erin
7%
Hugh Parkfield
7%
Jake the Barber
7%
Jenda
7%
Jeremy Freedman
7%
Jerri Mackleberry
7%
Julia
7%
Kwik-E-Mart President
7%
Lewis Clark
7%
Linda Ronstadt
7%
Lugash
7%
Luigi Risotto
7%
Mark Zuckerberg
7%
Maya
7%
Mel Gibson
7%
Mojo
7%
Mr. Bergstrom
7%
Mr. Costington
7%
Plato
7%
Rachel Jordan
7%
Raphael
7%
Sara Sloane
7%
Shelbyville Manhattan
7%
Sherri and Terri Mackleberry
7%
She's The Fastest
7%
Shotgun Pete
7%
Spinal Tap
7%
Spuckler Children
7%
Tom
7%
Üter Zörker
7%
Wade Boggs
7%
Zutroy
7%
Abbey
3%
Air Shot
3%
Alex Whitney
3%
Amid bin Laden
3%
Andy
3%
Annie Crawford
3%
Arthur Crandall
3%
Baby Face Palooka
3%
Baby Tooth Seller
3%
Barbara Belfry
3%
Bashir bin Laden
3%
Betty
3%
Billy Carter
3%
Black Voodoo
3%
BLOB JITSU
3%
Bret Hart
3%
Brunella Pommelhorst
3%
Buck Mitchell
3%
Calliope Juniper
3%
Captain Flag And Half Mast
3%
Chase
3%
Chief Knock-A-Homer
3%
Chinnos
3%
C.H.U.M.
3%
Colette
3%
Cool grandfather
3%
Cosine Tangent
3%
Cotrane
3%
Dan Gillick
3%
Dante Calabresi Jr.
3%
Dante Calabresi Sr
3%
Dave Shutton
3%
David
3%
Dean Bobby Peterson
3%
Don Vittorio DiMaggio
3%
Dr. Bonebreak
3%
Dr. Hillbilly
3%
Dr. Hobbes
3%
Dr.Kissingher
3%
Dr. Tad Winslow
3%
Duncan
3%
Edmund Dracula
3%
Erik
3%
Evan Conover
3%
Father Ben
3%
FRANKEN SAMURAI
3%
Gabriel
3%
Geoff Jenkins
3%
Grady
3%
Gyro
3%
Handsome bachelor
3%
Hitchhiker
3%
Hollis Hurlbut
3%
Horst
3%
Ian
3%
Investo
3%
James L. Brooks
3%
Jenny
3%
Jimmy the Snitch
3%
Joe C
3%
Joey
3%
Joey the Arsonist
3%
JUDO MUMMY
3%
Juliet Hobbes
3%
Julio Franco
3%
Kostas Becker
3%
KRAV-MA GOLEM
3%
Kyle Williams
3%
Larry Kidkill
3%
Leavelle
3%
Linguo
3%
Louie Walters
3%
Lucius Sweet
3%
Maagi Sampsan
3%
Mav
3%
Meathook
3%
Melanie Upfoot
3%
Melody Juniper
3%
Milhoose
3%
Milo
3%
Mina bin Laden
3%
Mindy Simons
3%
MIXED MARTIAL MEDLISA
3%
Monsieur Lacoste
3%
Mr. Bunny
3%
Mrs. Frink
3%
Mrs. Hobbes
3%
Mrs. Zörker
3%
Mr. Zörker
3%
Ms. Albright
3%
Nacho Bot
3%
Nigel
3%
NINJA FROM THE BLACK LAGOON
3%
Olaf Johannsen
3%
Ozmodiar
3%
Patches
3%
Pepi
3%
Phil
3%
Playground ghost
3%
Poor Violet
3%
Portia
3%
Primo
3%
Probe Alien
3%
Professor Frink's son
3%
Professor Werner von Brawn
3%
Quetzelica
3%
Ramrod
3%
Rasputin the Friendly Russian
3%
Ray Magini
3%
Raymond Bird
3%
Rex Banner
3%
Rey Patterson
3%
Richard Marin
3%
Rita LaFleur
3%
Rumbleina
3%
Sam Simon
3%
Scott Christian
3%
Sebastian Cobb
3%
Serak the Preparer
3%
Shelbyville Starter 'Staches
3%
Smilin' Joe Fission
3%
Snowball IIII
3%
Stanley Degroot
3%
State Comptroller Atkins
3%
Steve Allen
3%
Tabitha Vixen
3%
Tab Spangler
3%
TAE KWON DRACULA
3%
The Beefy Bishop
3%
The Cayman Islands Banker
3%
The Decemberists
3%
The Grumple
3%
The Iron Yuppie
3%
Tommy Chong
3%
Viktor
3%
Wayne Slater
3%
Zelda
3%
Anastasia Alekova
0%
Brendan Beiderbecke
0%
Buck McCoy
0%
Carrie
0%
Don Brodka
0%
Meredith Milgram
0%
Myra
0%
Oovilu-Eeoo-Kitana-Wanjay
0%
Renee
0%
Sigrín Sigurðardóttir
0%
Tina
0%
No matching quizzes found
Score Distribution
Percent of People with Each Score
Percentile by Number Answered
Your Score History
You have not taken this quiz since the last reset